| 000 | 01087cab a2200277 4500 | ||
|---|---|---|---|
| 001 | ABS50184 | ||
| 008 | 090401t1994 xxu||||| |||| 00| 0 eng d | ||
| 035 | _a(Sirsi) u74529 | ||
| 041 | _aeng | ||
| 245 | _aLaing Homes Ltd v Avon CC; Grosvenor Developments (Avon) Plc v Avon CC | ||
| 260 | _c1994 | ||
| 350 | _a0 | ||
| 490 |
_aProperty and Compensation Reports _v(1994) 67 P&CR 34-58(25) |
||
| 520 | _aQBD 23 April 1993. An appeal by developers against the extension of green belt to include land previously designated as white land. It was held that the inspector did not have proper regard for government policy as set out in PPG2 and address the issue of exceptional circumstances provoking the change in designation. | ||
| 650 | _aDESIGNATION | ||
| 650 | _aGREEN BELT | ||
| 650 | _aLOCAL DEVELOPMENT PLANS | ||
| 650 | _aPLANNING POLICY GUIDANCE NOTE 2 (GREEN BELTS) | ||
| 650 | _aREASONS | ||
| 650 | _aSTRUCTURE PLANS | ||
| 650 | _aUNDESIGNATED LAND | ||
| 650 | _aWHITE LAND | ||
| 690 | _aPLANNING LAW AND PRACTICE-CASE LAW | ||
| 942 | _n0 | ||
| 948 | _c04/03/1997 | ||
| 999 |
_c46988 _d46988 |
||